Normal view
MARC view
- Partido Comunista de Cuba.
Entry Nombre Corporativo
001 - NÚMERO DE CONTROL
- campo de control: 55889
003 - IDENTIFICADOR DE NUMERO DE CONTROL
- campo de control: MX-MxUPN
005 - FECHA Y HORA DE LA ÜLTIMA TRANSACCIÓN
- campo de control: 20250311120059.0
008 - DATOS DE LONGITUD FIJA
- campo de control de longitud fija: 250311nn acannaabn n ana d
040 ## - FUENTE DE CATALOGACIÓN
- Agencia original de catalogación: MX-MxUPN
- Lenguaje de catalogación: spa
110 2# - ENCABEZAMIENTO - NOMBRE CORPORATIVO
- Nombre corporativo o de jurisdicción como elemento de entrada : Partido Comunista de Cuba.
- Unidad subordinada: Congreso
- Number of part/section/meeting: (2° :
- Fecha de la reunión o de la firma de un tratado: 1980 :
- Lugar de la reunión: La Habana, Cuba)
670 ## - FUENTE EN LA QUE SE LOCALIZARON DATOS
- Cita de la fuente : Autoridades LC, 11 marzo 2024 :
- Información localizada: (Partido Comunista de Cuba. Congresos)
670 ## - FUENTE EN LA QUE SE LOCALIZARON DATOS
- Cita de la fuente : Radio Rebelde, 11 marzo 2024 ;
- Información localizada: II Congreso del Partido Comunista de Cuba (II Congreso celebrado del 17 al 20 de diciembre de 1980, en el Palacio de las Convenciones de Ciudad de La Habana)
- Uniform Resource Identifier: https://www.radiorebelde.cu/50-revolucion/congresos/2-congreso.html
902 ## - CATALOGADOR
- Catalogador: VíctorGodínez/110325
